[Event "JUG-chT"]
[Site "Niksic"]
[Date "1996.??.??"]
[Round "?"]
[White "Velimirovic, Dragoljub"]
[Black "Goldin, Alexander"]
[Result "0-1"]
[WhiteElo "2510"]
[BlackElo "2570"]

1.e4 c5 2.Nf3 Nc6 3.d4 cxd4 4.Nxd4 Nf6 5.Nc3 d6 6.Bc4 Qb6 7.Ndb5 Bg4 8.Nd5 Nxd5
9.Qxg4 Nf6 10.Qe2 e6 11.Be3 Qa5+ 12.Bd2 Qd8 13.f4 a6 14.Nc3 Qc7 15.Bd3 g6
16.O-O Bg7 17.Kh1 O-O 18.Qf2 Nb4 19.Qh4 Nxd3 20.cxd3 Qb6 21.Rab1 Rac8 22.f5 Qd4
23.Rf3 exf5 24.Bg5 h6 25.Bxh6 Bxh6 26.Qxh6 Ng4 27.Qf4 Ne5 28.Ne2 Qc5 29.Rh3 Nxd3
30.Rxd3 Qc2 31.Rbd1 Qxe2 32.exf5 Rc5 33.R3d2 Qe5 34.Qxe5 dxe5 35.fxg6 fxg6
36.h3 Rf7 37.Re1 Kg7 38.Re4 a5 39.Rd6 Rf6 40.Rd7+ Rf7 41.Rd2 b5 42.Kh2 b4
43.Kg3 Rf5 44.Kg4 Kf7 45.Rd6 Rf2 46.g3 Rxb2 47.Kg5 Rg2 48.g4 Rxa2 49.Re3 e4+
50.Kh6 Ra3  0-1

[Event "JUG-chT"]
[Site "Niksic"]
[Date "1996.??.??"]
[Round "?"]
[White "Maksimenko, Andrei"]
[Black "Goldin, Alexander"]
[Result "1/2-1/2"]
[WhiteElo "2545"]
[BlackElo "2570"]

1.d4 Nf6 2.c4 e6 3.Nf3 b6 4.g3 Ba6 5.b3 d5 6.cxd5 exd5 7.Bg2 Bb4+ 8.Bd2 Bxd2+
9.Qxd2 O-O 10.Nc3 Bb7 11.Ne5 Qe7 12.O-O c5 13.e3 Rd8 14.Rfd1  1/2-1/2

[Event "JUG-chT"]
[Site "Niksic"]
[Date "1996.??.??"]
[Round "?"]
[White "Goldin, Alexander"]
[Black "Tseshkovsky, Vitaly"]
[Result "1/2-1/2"]
[WhiteElo "2570"]
[BlackElo "2495"]

1.d4 Nf6 2.c4 g6 3.g3 Bg7 4.Bg2 O-O 5.Nc3 d6 6.Nf3 Nc6 7.O-O Bf5 8.Ne1 Qc8
9.e4 Bh3 10.Nc2 Bxg2 11.Kxg2 a6 12.f3 b5 13.cxb5 axb5 14.Nxb5 Qb7 15.Qd3 Rfb8
16.a4 Nd7 17.Be3 Nb6 18.b3 Na5 19.Rfb1 Nd7 20.b4 Nc6 21.Nc3 e6 22.h4 d5 23.exd5 exd5
24.a5 Nd8 25.Rd1 Ne6 26.b5 c5 27.a6 Qb6 28.a7 Re8 29.Nxd5 Qb7 30.dxc5 Nexc5
31.Qc4 Bxa1 32.Rxa1 Rxa7 33.Rxa7 Qxa7 34.Bxc5 Nxc5 35.Nf6+ Kf8 36.b6 Qa5
37.Nxe8 Qd2+ 38.Kh3 Nd3 39.Qd4 Nf2+ 40.Kg2 Nd3+ 41.Kh3 Nf2+  1/2-1/2

[Event "JUG-chT"]
[Site "Niksic"]
[Date "1996.??.??"]
[Round "?"]
[White "Goldin, Alexander"]
[Black "Komarov, Dimitri"]
[Result "1-0"]
[WhiteElo "2570"]
[BlackElo "2595"]

1.d4 d5 2.c4 c6 3.Nc3 Nf6 4.e3 e6 5.Nf3 Nbd7 6.Qc2 Bd6 7.Bd2 O-O 8.Bd3 Qe7
9.O-O dxc4 10.Bxc4 e5 11.Bb3 Bc7 12.h3 a6 13.a3 h6 14.Nh4 Rd8 15.Nf5 Qe8
16.Ne4 Nxe4 17.Qxe4 Nf8 18.Qg4 Bxf5 19.Qxf5 exd4 20.exd4 Rxd4 21.Bc3 Rf4
22.Qh5 Qd7 23.Rad1 Qf5 24.Qxf5 Rxf5 25.Rfe1 Bb6 26.Re7 Bxf2+ 27.Kh2 b5 28.g4 Rf4
29.Rf1 Ng6 30.Rxf7 Rxf7 31.Rxf2 Ra7  1-0

[Event "JUG-chT"]
[Site "Niksic"]
[Date "1996.??.??"]
[Round "?"]
[White "Goldin, Alexander"]
[Black "Gurevich, Mikhail"]
[Result "1-0"]
[WhiteElo "2570"]
[BlackElo "2605"]

1.d4 d5 2.c4 c6 3.Nf3 Nf6 4.Nc3 e6 5.Bg5 h6 6.Bh4 dxc4 7.e4 g5 8.Bg3 b5 9.Be2 Bb7
10.O-O Nbd7 11.a4 a6 12.d5 cxd5 13.exd5 Nxd5 14.axb5 Nxc3 15.bxc3 axb5 16.Rb1 Be7
17.Nd4 O-O 18.Rxb5 Bd5 19.Rxd5 exd5 20.Nf5 Ra6 21.Qxd5 Rf6 22.Rd1 Nc5 23.Qe5 Rxf5
24.Qxf5 Qc8 25.Qe5 Re8 26.Bxc4 Bf8 27.Qd5 Ne6 28.Rc1 Bg7 29.h4 gxh4 30.Bxh4 Qc7
31.Bg3 Qe7 32.Bd3 Rc8 33.c4 Qa3 34.Rd1 Rd8 35.Qf3 Qc3 36.Kh2 Qb2 37.Re1 Qd4
38.Re3 Rc8 39.Re4 Qc5 40.Rg4  1-0

[Event "JUG-chT"]
[Site "Niksic"]
[Date "1996.??.??"]
[Round "?"]
[White "Georgiev, Kiril"]
[Black "Goldin, Alexander"]
[Result "1/2-1/2"]
[WhiteElo "2620"]
[BlackElo "2570"]

1.c4 e5 2.g3 Nf6 3.Bg2 d5 4.cxd5 Nxd5 5.Nc3 Nb6 6.Nf3 Nc6 7.O-O Be7 8.a3 O-O
9.b4 Be6 10.Rb1 f6 11.d3 Nd4 12.Nd2 c6 13.Nde4 Qd7 14.Re1 Rad8 15.Bd2 Nd5
16.Nc5 Bxc5 17.bxc5 Nxc3 18.Bxc3 Qf7 19.Bxd4 Rxd4 20.Qc2 Rfd8 21.Rb2 h5 22.Reb1 Bc8
23.Rb4 h4 24.Rxd4 exd4 25.Bf3 h3 26.Qb3 Qxb3 27.Rxb3 Re8 28.Rb2 Re5 29.Rc2 f5
30.Bh1 Kf7 31.Kf1 Kf6 32.f4 Re8 33.Rc4 Rd8 34.Ra4 a6 35.Kf2 Be6 36.Bf3 Rd7
37.Rb4 g6 38.Ke1 Ke7 39.Kd2 Kd8 40.e3 dxe3+ 41.Kxe3 Kc7 42.a4 a5 43.Rb1 Bd5
44.Bxd5  1/2-1/2

[Event "JUG-chT"]
[Site "Niksic"]
[Date "1996.??.??"]
[Round "?"]
[White "Kharlov, Andrei"]
[Black "Goldin, Alexander"]
[Result "1-0"]
[WhiteElo "2605"]
[BlackElo "2570"]

1.d4 Nf6 2.c4 e6 3.Nc3 Bb4 4.e3 c5 5.Ne2 cxd4 6.exd4 O-O 7.a3 Be7 8.d5 exd5
9.cxd5 Bc5 10.Na4 b6 11.b4 Bd6 12.Nec3 Be5 13.Be3 Bb7 14.Rc1 Na6 15.Bc4 Rc8
16.Qd3 Nc7 17.O-O Ng4 18.f4 b5 19.Nxb5 Nxb5 20.Bxb5 Qh4 21.h3 Nxe3 22.Qxe3 Rxc1
23.Qxc1 Bd4+ 24.Kh2 Bf2 25.Qd2 Qg3+ 26.Kh1 Be3 27.Qe1 Bxf4 28.Qxg3 Bxg3 29.Rd1 d6
30.Bc6 Bc8 31.Nc3 f5 32.Nb5 Rf7 33.Rd3 f4 34.Nxd6 Rf8 35.Rd1 f3 36.Nxc8 Rxc8
37.gxf3 Kf7 38.Kg2 Bd6 39.Re1 Rd8 40.Re4 Be7 41.f4 Rd6 42.Kf3 Rh6 43.Bd7 Rd6
44.Be6+ Kf6 45.Bg8 Ra6 46.a4 Rd6 47.Re5 h6 48.a5 g6 49.Re4 Rd7 50.b5 Kg7
51.Be6 Rc7 52.Ra4 Kf6 53.b6 Rc3+ 54.Ke2 Bc5 55.bxa7 Bxa7 56.a6 Re3+ 57.Kd1 g5
58.fxg5+ hxg5 59.Kc2 Ke5 60.Kb2 Re2+ 61.Kb3 Re3+ 62.Kc4 Kd6 63.Ra1 Rf3 64.Rc1 Bc5
65.Ra1 Rf4+ 66.Kd3 Rf3+ 67.Ke2 Rf2+ 68.Ke1 Rf8 69.Ra4 Bb6 70.Ra2 Bc5 71.Kd1 Rf1+
72.Kc2 Rf2+ 73.Kb3 Rf3+ 74.Kc4 Rf4+ 75.Kb5 Rb4+ 76.Ka5 Rb3 77.Rg2 Ra3+ 78.Kb5 Rb3+
79.Kc4 Rb4+ 80.Kd3 Ra4 81.Rxg5 Rxa6 82.Ke4 Ra1 83.Rg7 Re1+ 84.Kd3 Rg1 85.Rd7+ Ke5
86.Kc4 Bd6 87.Rf7 Rc1+ 88.Kb5 Kd4 89.Rf2 Rc5+ 90.Kb6 Rc3 91.Rf6 Be5 92.Rg6 Bd6
93.h4 Rc1 94.Bf7 Bc7+ 95.Kb7 Bd8 96.Rg8 Bf6 97.h5 Be5 98.Rg4+ Kc5 99.Rg5 Kd4
100.d6  1-0

[Event "Rishon Le Ziyyon"]
[Site "Rishon Le Ziyyon"]
[Date "1996.??.??"]
[Round "2"]
[White "Polgar, Sofia"]
[Black "Goldin, Alexander"]
[Result "0-1"]
[WhiteElo "2495"]
[BlackElo "2600"]

1.e4 e5 2.Nf3 Nc6 3.Bb5 a6 4.Ba4 Nf6 5.O-O Be7 6.Re1 b5 7.Bb3 d6 8.c3 O-O
9.h3 Bb7 10.d4 Re8 11.Nbd2 Bf8 12.a4 Qd7 13.Bc2 exd4 14.cxd4 Nb4 15.Bb1 g6
16.b3 Bg7 17.Bb2 a5 18.Bc3 Nh5 19.Nf1 c5 20.Qd2 bxa4 21.Rxa4 Bc6 22.Ra3 Bb5
23.Ne3 Nf4 24.d5 Bxc3 25.Qxc3 h5 26.Nc4 Qe7 27.Kh2 h4 28.g3 hxg3+ 29.fxg3 Nh5
30.Rxa5 Rxa5 31.Nxa5 Nf6 32.Nc4 Bxc4 33.bxc4 Nd7 34.Bd3 Ne5 35.Nxe5 Qxe5
36.Qxe5 Rxe5 37.Bf1 f5 38.Bg2 Kg7 39.g4 Nd3 40.Re3 fxe4 41.h4 g5 42.h5 Re7
43.Bf1 Nf4 44.Bg2 Nxg2 45.Kxg2 Kf6 46.Re1 Ke5 47.Rd1 Kf4 48.Rf1+ Ke3 49.Rf6 Kd3
50.Rxd6 e3 51.Rd8 e2 52.d6 Re4  0-1

[Event "Rishon Le Ziyyon"]
[Site "Rishon Le Ziyyon"]
[Date "1996.??.??"]
[Round "3"]
[White "Goldin, Alexander"]
[Black "Liss, Eran"]
[Result "0-1"]
[WhiteElo "2600"]
[BlackElo "2480"]

1.d4 Nf6 2.c4 g6 3.g3 Bg7 4.Bg2 d5 5.cxd5 Nxd5 6.Nf3 Nb6 7.Nc3 Nc6 8.d5 Bxc3+
9.bxc3 Qxd5 10.Qxd5 Nxd5 11.e4 Nb6 12.Bf4 Na4 13.Kd2 Bg4 14.Kc2 Bxf3 15.Bxf3 e5
16.Be3 O-O-O 17.h4 Rd6 18.h5 Rhd8 19.Rad1 Rxd1 20.Bxd1 b5 21.Be2 a6 22.hxg6 hxg6
23.Rh7 f6 24.Rh6 Rg8 25.Bg4+ Kb7 26.Be6 Re8 27.Bd5 Nb6 28.Bxb6 Kxb6 29.Rxg6 Rf8
30.Rg7 Na5 31.Kd3 c6 32.Be6 Rd8+ 33.Kc2 Rd6 34.Re7 Nb7 35.Bf5 Nc5 36.f4 Nd3
37.fxe5 Nxe5 38.g4 Nc4 39.Re6 Ne3+ 40.Kc1 Nxf5 41.exf5 Rxe6 42.fxe6 Kc7 43.Kd2 Kd6
44.Ke3 c5  0-1

[Event "Rishon Le Ziyyon"]
[Site "Rishon Le Ziyyon"]
[Date "1996.??.??"]
[Round "4"]
[White "Manor, Ilan"]
[Black "Goldin, Alexander"]
[Result "0-1"]
[WhiteElo "2510"]
[BlackElo "2600"]

1.d4 Nf6 2.c4 e6 3.g3 Bb4+ 4.Bd2 Qe7 5.Nf3 Nc6 6.Nc3 Bxc3 7.Bxc3 Ne4 8.Rc1 O-O
9.Bg2 d6 10.d5 Nd8 11.dxe6 Nxe6 12.O-O Nxc3 13.Rxc3 Bd7 14.e4 Bc6 15.Re1 a5
16.Rce3 Rfd8 17.Nd2 Qf6 18.Qc1 Nc5 19.Nb1 Re8 20.Qd2 h5 21.h4 Nd7 22.Nc3 Ne5
23.Nd5 Bxd5 24.exd5 Re7 25.Qc3 Rae8 26.R1e2 b6 27.Re4 Qf5 28.f4 Ng6 29.Qe1 Kf8
30.Rxe7 Rxe7 31.Rxe7 Nxe7 32.Be4 Qf6 33.Qd2 Ng8 34.Kf2 Nh6 35.Bf3 g6 36.Kg2 Nf5
37.Kf2 Nh6 38.Kg2 Qf5 39.Qd1 Ng8 40.Kf2 Nf6 41.Ke3 Qh3 42.Qg1 Qd7 43.Qd1 Qf5
44.a3 Qh3 45.Qg1 a4 46.Qg2 Qf5 47.Be4 Qc8 48.Bc2 Qa6 49.Qe2 b5 50.cxb5 Qb6+
51.Kd2 Qd4+ 52.Kc1 Qg1+ 53.Qd1 Qxg3 54.Qd4 Qxh4 55.Bxa4 Nxd5 56.Bd1 Qxf4+
57.Qxf4 Nxf4 58.a4 Ke7 59.a5 Kd8 60.Kd2 h4 61.Ke3 g5 62.Bg4 Ne6  0-1

[Event "Rishon Le Ziyyon"]
[Site "Rishon Le Ziyyon"]
[Date "1996.??.??"]
[Round "5"]
[White "Goldin, Alexander"]
[Black "Yudasin, Leonid"]
[Result "1-0"]
[WhiteElo "2600"]
[BlackElo "2635"]

1.d4 Nf6 2.c4 e6 3.Nc3 Bb4 4.Qc2 d5 5.cxd5 Qxd5 6.Nf3 Qf5 7.Qd1 Ne4 8.Bd2 Bxc3
9.Bxc3 Nxc3 10.bxc3 Qa5 11.Qc2 c5 12.e3 cxd4 13.exd4 Nd7 14.Bd3 Nf6 15.O-O O-O
16.Ne5 Qc7 17.Rae1 b6 18.Re3 Bb7 19.Rh3 h6 20.f4 Nd5 21.Qd2 Rac8 22.c4 Ne7
23.Qf2 Rfd8 24.f5 exf5 25.Bxf5 Nxf5 26.Qxf5 Rxd4 27.Nxf7 Qe7 28.Qg6 Rh4 29.Rg3 Qc5+
30.Kh1 Qd4 31.Nxh6+ Kh8 32.Nf7+ Kg8 33.Nh6+ Kh8 34.Nf5 Be4 35.Rg4 Bxf5 36.Rxd4 Bxg6
37.Rxh4+ Kg8 38.Rd4 Bf7 39.Rc1 b5 40.Rd7 a5 41.Ra7 a4 42.Rb7 bxc4 43.Rcb1 c3
44.Rb8 Rxb8 45.Rxb8+ Kh7 46.a3 Be6 47.Rb5 c2 48.Rc5 Bf5 49.Kg1 Kg6 50.Kf2 Kf6
51.Ke3 Ke6 52.Kd2 Be4 53.g3  1-0

[Event "Rishon Le Ziyyon"]
[Site "Rishon Le Ziyyon"]
[Date "1996.??.??"]
[Round "6"]
[White "Goldin, Alexander"]
[Black "Alterman, Boris"]
[Result "1/2-1/2"]
[WhiteElo "2600"]
[BlackElo "2585"]

1.d4 Nf6 2.c4 e6 3.Nc3 Bb4 4.Qc2 O-O 5.a3 Bxc3+ 6.Qxc3 b6 7.Bg5 Bb7 8.e3 d6
9.f3 Nbd7 10.Bd3 h6 11.Bh4 e5 12.Bf5 exd4 13.Qxd4 Ne5 14.O-O-O c5 15.Qc3 b5
16.cxb5 a6 17.bxa6 Rxa6 18.f4 Nd5 19.Qb3 Rb6 20.Bxd8 Rxb3 21.Bc2 Rxe3 22.fxe5 Rxd8
23.exd6 Nf4 24.h4 Bxg2 25.Rh2 Re6 26.d7 Kf8 27.h5 Bc6 28.Rh4 Ng2 29.Rh3 Ne3
30.Re1 Nxc2 31.Rxe6 fxe6 32.Kxc2 Rxd7 33.Ne2 Kf7 34.b3 Kf6 35.a4 c4 36.Nc3 cxb3+
37.Kxb3 e5 38.Kb4 Rd4+ 39.Kb3 e4 40.a5 Rd3 41.Rxd3 exd3 42.Kc4 d2 43.Kd3 Kg5
44.Kxd2 Bb7 45.Nb5 Kxh5 46.Ke3 Kg4 47.Kf2 g5 48.Nc7 Kh3 49.a6 Bc6 50.Kg1 h5
51.a7  1/2-1/2

[Event "Rishon Le Ziyyon"]
[Site "Rishon Le Ziyyon"]
[Date "1996.??.??"]
[Round "7"]
[White "Kosashvili, Yona"]
[Black "Goldin, Alexander"]
[Result "1-0"]
[WhiteElo "2580"]
[BlackElo "2600"]

1.e4 c5 2.Nf3 Nc6 3.d4 cxd4 4.Nxd4 Nf6 5.Nc3 d6 6.Be2 e5 7.Nf3 h6 8.O-O Be7
9.Re1 O-O 10.h3 Be6 11.Bf1 Nb8 12.b3 a6 13.a4 Nbd7 14.Bb2 Rc8 15.Nb1 Nc5
16.Nbd2 Bd7 17.c4 a5 18.Qc2 Qb6 19.Bd3 Nh5 20.Qc3 Nf4 21.Bc2 Bd8 22.Nf1 Qc6
23.Rad1 Bb6 24.Ng3 Rcd8 25.Bc1 Rfe8 26.Bxf4 exf4 27.Nh5 Ne6 28.Rd5 Qc7 29.Nh4 Bc6
30.Nf5 Bxd5 31.exd5 Nd4 32.Rxe8+ Rxe8 33.Nxd4 Re5 34.Nf5 Qc5 35.Qd2 Qxf2+
36.Qxf2 Re1+ 37.Kh2 Bxf2 38.Nxf4 Rc1 39.Be4 Bc5 40.Nd3 Bb6 41.Nxc1  1-0

[Event "Rishon Le Ziyyon"]
[Site "Rishon Le Ziyyon"]
[Date "1996.??.??"]
[Round "8"]
[White "Goldin, Alexander"]
[Black "Shmuter, Leonid"]
[Result "0-1"]
[WhiteElo "2600"]
[BlackElo "2490"]

1.d4 d5 2.c4 e6 3.Nf3 c5 4.cxd5 exd5 5.g3 Nf6 6.Bg2 Be7 7.O-O O-O 8.Nc3 Nc6
9.Be3 c4 10.Ne5 Be6 11.h3 Qc8 12.Kh2 Rd8 13.Bg5 h6 14.Bxf6 Bxf6 15.f4 Bxe5
16.fxe5 b5 17.a3 Rb8 18.e3 b4 19.axb4 Nxb4 20.Rxa7 Nd3 21.Qh5 Rd7 22.Ra2 Nb4
23.Ra5 Qd8 24.Rb5 Rxb5 25.Nxb5 Nd3 26.b3 Qa5 27.bxc4 dxc4 28.Nd6 Rxd6 29.d5 Rxd5  0-1

[Event "Rishon Le Ziyyon"]
[Site "Rishon Le Ziyyon"]
[Date "1996.??.??"]
[Round "9"]
[White "Greenfeld, Alon"]
[Black "Goldin, Alexander"]
[Result "1/2-1/2"]
[WhiteElo "2560"]
[BlackElo "2600"]

1.Nf3 Nf6 2.c4 e6 3.Nc3 Bb4 4.g3 b6 5.Bg2 Bb7 6.d3 O-O 7.O-O Nc6 8.e4 Bxc3
9.bxc3 Ne8 10.Qe2 f6 11.h4 Nd6 12.h5 f5 13.e5 Nf7 14.Bf4 Na5 15.Qe3 Qe7 16.h6 g6
17.Bg5 Nxg5 18.Nxg5 Qa3 19.Bxb7 Nxb7 20.d4 Qa4 21.Qd3 Nd8 22.d5 Nf7 23.f4 Nxg5
24.fxg5 Rae8 25.Rad1 Rf7 26.Rd2 Qa3 27.Qe3 Qe7 28.Re1 Ref8 29.Qf4 Qc5+ 30.Re3 Re8
31.Kh2 b5 32.dxe6 Rxe6 33.Qd4 Qxc4 34.Qxc4 bxc4 35.Rd4 Kf8 36.Rxc4 c6 37.Rb4 Rfe7
38.Rb8+ Re8 39.Rb7 R6e7 40.Rxa7 d5 41.Ra6 Re6 42.Re2 Rb8 43.Kg2 Ke8 44.Kf3 Rb7
45.Ra8+ Kd7 46.a4 Re7 47.a5 Rb3 48.Ra7+ Ke6 49.Rxe7+ Kxe7 50.Ra2 Rxc3+ 51.Kf2 Rb3
52.a6 Rb8 53.a7 Ra8 54.Ke3 c5 55.Ra6 Kf8 56.Kd3 Ke7 57.Kc3 Kf8 58.Kb3 Ke7
59.Kc3 Kf8 60.Kb3 Ke7 61.Kc3  1/2-1/2

[Event "Tel Aviv Cup rapid"]
[Site "Tel Aviv"]
[Date "1996.??.??"]
[Round "2"]
[White "Zilberman, Yaacov"]
[Black "Goldin, Alexander"]
[Result "0-1"]
[WhiteElo "2485"]
[BlackElo "2600"]

1.d4 Nf6 2.c4 Nc6 3.Nf3 e6 4.Nc3 Bb4 5.e3 O-O 6.Be2 Ne4 7.Qc2 f5 8.O-O Bxc3
9.bxc3 b6 10.Ba3 Rf6 11.Rfd1 Ba6 12.Bb4 Bb7 13.a4 Nxb4 14.cxb4 a5 15.b5 d6
16.Nd2 Rh6 17.Nf1 Qh4 18.Bf3 Rf8 19.c5 Bd5 20.cxb6 cxb6 21.Rac1 Rg6 22.Ng3 Nf6
23.Bxd5 Nxd5 24.Qa2 f4 25.exf4 Qxf4 26.Qd2 Qg4  0-1

[Event "Tel Aviv Cup rapid"]
[Site "Tel Aviv"]
[Date "1996.??.??"]
[Round "2"]
[White "Goldin, Alexander"]
[Black "Zilberman, Yaacov"]
[Result "1-0"]
[WhiteElo "2600"]
[BlackElo "2485"]

1.d4 d5 2.c4 dxc4 3.e4 Nf6 4.e5 Nd5 5.Bxc4 Nb6 6.Bb3 Nc6 7.Ne2 Bf5 8.Nbc3 e6
9.O-O Be7 10.a3 Qd7 11.Be3 Rd8 12.Qc1 O-O 13.Rd1 Kh8 14.Ng3 Bg6 15.f4 Bh4
16.d5 exd5 17.Bxb6 cxb6 18.Bxd5 Bxg3 19.hxg3 Bh5 20.Bf3 Qf5 21.Bxh5 Qxh5
22.Qe3 h6 23.b4 Ne7 24.Qf3 Qg6 25.Nb5  1-0

[Event "Tel Aviv Cup rapid"]
[Site "Tel Aviv"]
[Date "1996.??.??"]
[Round "2"]
[White "Goldin, Alexander"]
[Black "Zilberman, Yaacov"]
[Result "0-1"]
[WhiteElo "2600"]
[BlackElo "2485"]

1.d4 Nf6 2.Nf3 d5 3.c4 dxc4 4.e3 g6 5.Bxc4 Bg7 6.O-O O-O 7.Nc3 Nfd7 8.Bd2 Nb6
9.Bb3 Nc6 10.Ne4 Bg4 11.h3 Bxf3 12.Qxf3 e5 13.d5 Ne7 14.Nc5 Rb8 15.e4 c6
16.Bg5 Qd6 17.Rac1 cxd5 18.exd5 Nf5 19.Ne4 Qb4 20.a3 Qb5 21.Rc5 Qa6 22.Be3 Nd7
23.Rc7 Nf6 24.Bc4 Qa5 25.Nxf6+ Bxf6 26.Rc5 Qd8 27.Ba2 Nd6 28.b4 Bg5 29.Re1 Bxe3
30.Qxe3 Re8  0-1

[Event "Tel Aviv Cup rapid"]
[Site "Tel Aviv"]
[Date "1996.??.??"]
[Round "2"]
[White "Zilberman, Yaacov"]
[Black "Goldin, Alexander"]
[Result "1/2-1/2"]
[WhiteElo "2485"]
[BlackElo "2600"]

1.d4 Nf6 2.c4 e6 3.Nc3 Bb4 4.e3 O-O 5.Bd3 d5 6.Nf3 c5 7.O-O Nc6 8.a3 Bxc3
9.bxc3 dxc4 10.Bxc4 Qc7 11.Bd3 e5 12.Qc2 Re8 13.Nxe5 Nxe5 14.dxe5 Qxe5 15.f3 Bd7
16.a4 Rad8 17.Re1 Bc6 18.e4 Nd5 19.Bd2 Nf4 20.Bf1 c4 21.Be3 Nd3 22.Bxd3 cxd3
23.Qd2 Qa5 24.Ra2 f5 25.exf5 Qxf5 26.a5 a6 27.Raa1 Re6 28.Bb6 Rde8 29.Rxe6 Rxe6
30.Re1 Rxe1+ 31.Qxe1 h6 32.Qe3 Kh7 33.Kf2 Qb5 34.Bd4 Qb2+ 35.Kg3 Qe2  1/2-1/2

[Event "Tel Aviv Cup rapid"]
[Site "Tel Aviv"]
[Date "1996.??.??"]
[Round "3"]
[White "Goldin, Alexander"]
[Black "Rechlis, Gad"]
[Result "1/2-1/2"]
[WhiteElo "2600"]
[BlackElo "2510"]

1.d4 Nf6 2.c4 g6 3.g3 Bg7 4.Bg2 O-O 5.Nc3 d6 6.Nf3 Nbd7 7.O-O e5 8.e4 a6
9.Re1 exd4 10.Nxd4 Ng4 11.Qxg4 Bxd4 12.Qd1 Bg7 13.f4 Rb8 14.Be3 b5 15.cxb5 axb5
16.Bd4 Bxd4+ 17.Qxd4 b4 18.Nd5 Bb7 19.Rac1 c5 20.Qd2 Bxd5 21.Qxd5 Nf6 22.Qc4 Qc7
23.e5 dxe5 24.fxe5 Nd7 25.e6 fxe6 26.Rxe6 Kh8 27.Rce1 Rf6 28.Re7 Qd6 29.Qh4 Nf8
30.Bd5  1/2-1/2

[Event "Tel Aviv Cup rapid"]
[Site "Tel Aviv"]
[Date "1996.??.??"]
[Round "3"]
[White "Rechlis, Gad"]
[Black "Goldin, Alexander"]
[Result "1-0"]
[WhiteElo "2510"]
[BlackElo "2600"]

1.c4 e5 2.Nc3 Nf6 3.g3 d5 4.cxd5 Nxd5 5.Bg2 Nb6 6.Nf3 Nc6 7.O-O Be7 8.b3 O-O
9.Bb2 f5 10.d3 Bf6 11.Nd2 Be6 12.b4 Nxb4 13.Bxb7 Rb8 14.Bg2 c5 15.Rc1 Nxa2
16.Nxa2 Bxa2 17.Rxc5 Na4 18.Qxa4 Rxb2 19.Nc4 Bxc4 20.Qxc4+ Kh8 21.Bf3 Rb8
22.Rc1 Qb6 23.Rc6 Qb2 24.Qe6 Bg5 25.R1c2 Qa1+ 26.Kg2  1-0

[Event "Tel Aviv Cup rapid"]
[Site "Tel Aviv"]
[Date "1996.??.??"]
[Round "3"]
[White "Rechlis, Gad"]
[Black "Goldin, Alexander"]
[Result "1-0"]
[WhiteElo "2510"]
[BlackElo "2600"]

1.c4 e5 2.Nc3 Nf6 3.g3 d5 4.cxd5 Nxd5 5.Bg2 Nb6 6.Nf3 Nc6 7.O-O Be7 8.b3 O-O
9.Bb2 f5 10.d3 Be6 11.Nd2 Kh8 12.Rc1 a5 13.Nc4 Nxc4 14.bxc4 Bg5 15.Rb1 Qe7
16.Qa4 Qd7 17.Ba1 Qc8 18.Qb5 e4 19.Nxe4 Be7 20.Nc3 Bb4 21.Nd5 Bd7 22.Qa4 Bc5
23.Qc2 Rf7 24.e3 Bf8 25.d4  1-0

[Event "RUS-ch m1-2"]
[Site "Elista"]
[Date "1997.05.22"]
[Round "2.1"]
[White "Goldin, Alexander"]
[Black "Khalifman, Alexander"]
[Result "1/2-1/2"]
[WhiteElo "2590"]
[BlackElo "2650"]

1.Nf3 Nf6 2.c4 g6 3.Nc3 Bg7 4.e4 O-O 5.d4 d6 6.Be2 e5 7.O-O exd4 8.Nxd4 Re8
9.f3 Nc6 10.Be3 Nh5 11.Qd2 Nf4 12.Rfd1 Nxe2+ 13.Ncxe2 Ne5 14.Rac1 Bd7 15.b3 a6
16.Bh6 Bh8 17.Bg5 f6 18.Bh4 Bg7 19.Nc3 Rb8 20.Nde2 g5 21.Bf2 f5 22.exf5 Bxf5
23.Ng3 Bg6 24.Nce4 h6 25.Ba7 Ra8 26.Qd5+ Bf7 27.Qxb7 Qd7 28.c5 d5  1/2-1/2

[Event "RUS-ch m1-2"]
[Site "Elista"]
[Date "1997.05.23"]
[Round "2.2"]
[White "Khalifman, Alexander"]
[Black "Goldin, Alexander"]
[Result "1-0"]
[WhiteElo "2650"]
[BlackElo "2590"]

1.e4 e5 2.Nf3 Nc6 3.Bb5 a6 4.Ba4 Nf6 5.O-O Be7 6.Re1 b5 7.Bb3 d6 8.c3 O-O
9.h3 Nb8 10.d4 Nbd7 11.Nbd2 Bb7 12.Bc2 Re8 13.a4 Bf8 14.Bd3 c6 15.b3 Qc7
16.Qc2 g6 17.Bb2 Rac8 18.Rad1 Bg7 19.b4 Nh5 20.Bf1 Nb6 21.a5 Nd7 22.dxe5 Nxe5
23.Nxe5 dxe5 24.c4 Qe7 25.Nb3 Rcd8 26.Nc5 Bc8 27.g3 Nf6 28.Bc1 Nd7 29.Be3 Nxc5
30.Bxc5 Qb7 31.Bb6 Rxd1 32.Rxd1 Be6 33.Kh2 h5 34.h4 Kh7 35.Bc5 Qc8 36.Bb6 Qb7
37.Bh3 Bxc4 38.Rd7 Qa8 39.Ra7 Qb8 40.Rxa6 Qd6 41.Bc5 Qf6 42.Qd2 Bf8 43.Qg5 Qf3
44.Bg2 Qe2 45.Bxf8 Rxf8 46.Qf6 Rc8 47.Rb6 Be6 48.a6 Qa2 49.Bh3 Bxh3 50.Kxh3  1-0

[Event "RUS-Cup9"]
[Site "Novgorod"]
[Date "1997.06.13"]
[Round "3"]
[White "Goldin, Alexander"]
[Black "Gutow, A."]
[Result "1-0"]
[WhiteElo "2590"]
[BlackElo "2355"]

1.Nf3 Nf6 2.d4 c5 3.d5 b5 4.Bg5 d6 5.Bxf6 exf6 6.e4 a6 7.a4 b4 8.Bd3 g6 9.Nfd2 Bg7
10.Nc4 a5 11.Nbd2 Bb7 12.Qf3 O-O 13.Qg3 f5 14.Qxd6 fxe4 15.Qxd8 Rxd8 16.Bxe4 Nd7
17.O-O-O Nf6 18.Bf3 g5 19.h3 h5 20.d6 Bxf3 21.gxf3 Nd7 22.Rhe1 Bd4 23.Ne4 Ne5
24.Rxd4  1-0

[Event "RUS-Cup9"]
[Site "Novgorod"]
[Date "1997.06.16"]
[Round "5"]
[White "Galliamova, Alisa"]
[Black "Goldin, Alexander"]
[Result "1-0"]
[WhiteElo "2440"]
[BlackElo "2590"]

1.d4 Nf6 2.c4 e6 3.Nf3 b6 4.Nc3 Bb4 5.e3 Bb7 6.Bd3 O-O 7.O-O d5 8.cxd5 exd5
9.Ne5 Bd6 10.f4 c5 11.Rf3 g6 12.Bd2 Nc6 13.Qa4 Nb4 14.Bb1 a6 15.a3 b5 16.Qd1 Nc6
17.Be1 Rc8 18.Bh4 Be7 19.Ba2 c4 20.Bg5 Ne4 21.Bh6 Re8 22.Qe2 f6 23.Nxg6 hxg6
24.Nxe4 Nxd4 25.exd4 Bf8 26.Rg3 dxe4 27.Rxg6+ Kf7 28.Qh5 Qxd4+ 29.Kh1 Bxh6
30.Rxh6+ Ke6 31.Qg4+ Kd6 32.Rd1  1-0

[Event "EUCup Gr7"]
[Site "Krynica"]
[Date "1997.09.17"]
[Round "3"]
[White "Ristic, Nebojsa"]
[Black "Goldin, Alexander"]
[Result "0-1"]
[WhiteElo "2440"]
[BlackElo "2595"]

1.d4 Nf6 2.Nf3 e6 3.c4 b6 4.g3 Ba6 5.b3 b5 6.c5 d6 7.cxd6 cxd6 8.Bg2 Nbd7
9.O-O Be7 10.d5 Nxd5 11.Nd4 N7b6 12.Nc6 Qd7 13.Nxe7 Qxe7 14.e4 Nc7 15.e5 Ncd5
16.Re1 dxe5 17.a4 b4 18.Rxe5 Rd8 19.Qe1 Rd6 20.Bb2 Nd7 21.Rh5 N7f6 22.Rg5 O-O
23.Nd2 h6 24.Re5 Rc8 25.Ne4 Nxe4 26.Rxe4 Rd7 27.Rd1 Rc2 28.Ba1 Nc3 29.Bxc3 bxc3
30.Red4 Rxd4 31.Rxd4 Qg5 32.f4 Qc5 33.Qe3 Qb6 34.a5 Qxa5 35.Ra4 Qb5 36.Rd4 Rxg2+  0-1

[Event "Rishon Le Ziyyon 9798"]
[Site "Rishon Le Ziyyon"]
[Date "1997.12.25"]
[Round "1"]
[White "Murrey, Jacob"]
[Black "Goldin, Alexander"]
[Result "1-0"]
[WhiteElo "2440"]
[BlackElo "2595"]

1.e4 c5 2.Nf3 Nc6 3.d4 cxd4 4.Nxd4 e5 5.Nb3 Nf6 6.Bg5 Be7 7.Nc3 O-O 8.Bxf6 Bxf6
9.Nd5 d6 10.c3 Bg5 11.h4 Bh6 12.Bc4 Kh8 13.Qe2 Be6 14.Rd1 Qd7 15.f3 f5 16.exf5 Bxf5
17.Bd3 Be6 18.Be4 Ne7 19.Nxe7 Qxe7 20.Bd5 Bf4 21.Rd3 Rad8 22.Nd2 Bxd2+ 23.Kxd2 Bf5
24.Rd4 Qc7 25.Rb4 Bc8 26.Ke1 b6 27.a3 Qe7 28.a4 Bf5 29.Qe3 Rc8 30.Be4 Be6
31.Bc2 Rc5 32.Kd1 Bg8 33.h5 Qf6 34.Rb5 Rxb5 35.axb5 Rc8 36.Qe4 Qg5  1-0

[Event "Rishon Le Ziyyon 9798"]
[Site "Rishon Le Ziyyon"]
[Date "1997.12.26"]
[Round "2"]
[White "Goldin, Alexander"]
[Black "Fleish, Felix"]
[Result "1-0"]
[WhiteElo "2595"]
[BlackElo "2350"]

1.d4 Nf6 2.c4 g6 3.g3 Bg7 4.Bg2 O-O 5.Nc3 d6 6.Nf3 Nc6 7.O-O a6 8.Re1 Rb8
9.Rb1 Bf5 10.e4 Bg4 11.Be3 Nd7 12.Ne2 f5 13.Ng5 fxe4 14.h3 Bf3 15.Ne6 Qc8
16.Nxf8 Qxf8 17.Bxf3 exf3 18.Nf4 Qf7 19.d5 Nce5 20.Bd4 g5 21.Ne6 Qh5 22.Bxe5 Nxe5
23.Re3 Qxh3 24.Rxf3 Nxf3+ 25.Qxf3 Bf6 26.Re1 Kh8 27.b3 Rg8 28.Nxc7 g4 29.Qg2 Qxg2+
30.Kxg2 Rg5 31.Ne6 Rf5 32.Re4 h5 33.Nd8 b5 34.Nc6 bxc4 35.bxc4 Rf3 36.Nxe7 Ra3
37.Nf5 Rxa2 38.Nxd6 Rd2 39.Re8+ Kh7 40.Ne4  1-0

[Event "Rishon Le Ziyyon 9798"]
[Site "Rishon Le Ziyyon"]
[Date "1997.12.27"]
[Round "3"]
[White "Goldin, Alexander"]
[Black "Bitansky, Igor"]
[Result "1-0"]
[WhiteElo "2595"]
[BlackElo "2165"]

1.d4 Nf6 2.c4 g6 3.g3 Bg7 4.Bg2 O-O 5.Nc3 d6 6.Nf3 Nc6 7.O-O a6 8.Re1 Rb8
9.Rb1 b5 10.cxb5 axb5 11.b4 Bg4 12.d5 Bxf3 13.exf3 Ne5 14.f4 Nc4 15.Nxb5 Rxb5
16.Qd3 c6 17.Qxc4 Nxd5 18.a4 Rb8 19.Bxd5 cxd5 20.Qxd5 e6 21.Qb3 e5 22.fxe5 dxe5
23.Be3 Kh8 24.Bc5 Rg8 25.Qxf7 Qd2 26.Rbd1 Qc2 27.a5 e4 28.Rd7 Qc3 29.Rxe4  1-0

[Event "Rishon Le Ziyyon 9798"]
[Site "Rishon Le Ziyyon"]
[Date "1997.12.29"]
[Round "5"]
[White "Goldin, Alexander"]
[Black "Mikhalevski, Victor"]
[Result "0-1"]
[WhiteElo "2595"]
[BlackElo "2535"]

1.Nf3 Nf6 2.c4 g6 3.Nc3 d5 4.Qa4+ Bd7 5.Qb3 dxc4 6.Qxc4 Bg7 7.e4 O-O 8.e5 Ng4
9.d4 Be6 10.d5 Bf5 11.Bf4 Nd7 12.Qe2 f6 13.e6 Nde5 14.Bxe5 fxe5 15.h3 Nf6
16.Rd1 e4 17.Ne5 c6 18.dxc6 Qc7 19.cxb7 Rad8 20.Nd7 Nxd7 21.exd7 Qxb7 22.Qb5 Rxd7
23.Bc4+ Kh8 24.Qxb7 Rxb7 25.Bb3 Rc8 26.O-O h5 27.Nd5 Bxb2 28.Ne3 h4 29.Bd5 Rd7
30.Nc4  0-1